Transforming our cities : (Record no. 4962)

MARC details
000 -LEADER
fixed length control field 00853cam a2200241 4500
001 - CONTROL NUMBER
control field 5876
005 - DATE AND TIME OF LATEST TRANSACTION
control field 20181127180444.0
008 - FIXED-LENGTH DATA ELEMENTS--GENERAL INFORMATION
fixed length control field 140526t20142014ii a 001 0 eng
010 ## - LIBRARY OF CONGRESS CONTROL NUMBER
LC control number 2014355750
020 ## - INTERNATIONAL STANDARD BOOK NUMBER
International Standard Book Number 9789351362197
100 1# - MAIN ENTRY--PERSONAL NAME
Personal name Ahluwalia, Isher Judge,
Dates associated with a name 1945-
Relator term author.
245 10 - TITLE STATEMENT
Title Transforming our cities :
Remainder of title postcards of change /
Statement of responsibility, etc. Isher Judge Ahluwalia.
264 #1 - PRODUCTION, PUBLICATION, DISTRIBUTION, MANUFACTURE, AND COPYRIGHT NOTICE
Place of production, publication, distribution, manufacture Noida, India
Name of producer, publisher, distributor, manufacturer HarperCollins Publishers India,
Date of production, publication, distribution, manufacture, or copyright notice 2014.
300 ## - PHYSICAL DESCRIPTION
Extent xxiv, 287 pages :
Other physical details illustrations ;
Dimensions 23 cm
336 ## - CONTENT TYPE
Content type term text
Content type code txt
Source rdacontent
337 ## - MEDIA TYPE
Media type term unmediated
Media type code n
Source rdamedia
338 ## - CARRIER TYPE
Carrier type term volume
Carrier type code nc
Source rdacarrier
500 ## - GENERAL NOTE
General note Includes index.
650 #0 - SUBJECT ADDED ENTRY--TOPICAL TERM
Topical term or geographic name entry element City planning
General subdivision Health aspects
Geographic subdivision India
Form subdivision Case studies.
Topical term or geographic name entry element City planning
Geographic subdivision India
Form subdivision Case studies.
Topical term or geographic name entry element Infrastructure (Economics)
Geographic subdivision India.
Topical term or geographic name entry element Urban renewal
Geographic subdivision India
Form subdivision Case studies.
Holdings
Withdrawn status Lost status Source of classification or shelving scheme Damaged status Not for loan Collection code Home library Current library Shelving location Date acquired Serial Enumeration / chronology Inventory number Total Checkouts Full call number Barcode Date last seen Date last checked out Price effective from Koha item type
    Dewey Decimal Classification     Main TEST RTC Library RTC Library Main opac 24/02/2024 9322 2 307.12 AHL 30009425 14/03/2024 24/02/2024 27/11/2018 Main
Royal Thimphu College || All Right Reserved